Návrh postupu možného zníženia nepodarkov vo výrobnom procese podniku Metaltrim, s.r.o.
Salvato in:
| Autore principale: | |
|---|---|
| Altri autori: | |
| Natura: | Manoscritto Libro |
| Lingua: | slovacco |
| Pubblicazione: |
2016
|
| Soggetti: | |
| Accesso online: | http://is.stuba.sk/zp/portal_zp.pl?podrobnosti=118307 |
| Tags: |
Nessun Tag, puoi essere il primo ad aggiungerne!!
|
MARC
| LEADER | 00000ntm a22000003a 4500 | ||
|---|---|---|---|
| 001 | stuzp57823 | ||
| 003 | SK-STU | ||
| 005 | 20160719155355.7 | ||
| 007 | ta | ||
| 008 | 150427s2015----xo-----f-mn---000-0-slo-d | ||
| 040 | |a STU |b slo | ||
| 041 | 0 | |a slo | |
| 100 | 1 | |a Gurová, Denisa |u 064000 |k Z4 |4 aut |U MTF Materiálovotechnologická fakulta |T MTF Ústav priemyselného inžinierstva a manažmentu |X 45568 |U M4000 |Y 84 |7 A000045568 | |
| 242 | 0 | 1 | |a Proposal for a procedure of the possible scrap reduction in the production process of the METALTRIM, s. r. o. Company |y eng |
| 245 | 1 | 0 | |a Návrh postupu možného zníženia nepodarkov vo výrobnom procese podniku Metaltrim, s.r.o. |
| 260 | |c 2016 | ||
| 650 | 4 | |a kvalita |2 slo | |
| 650 | 4 | |a inžinierstvo kvality |2 slo | |
| 650 | 4 | |a nepodarok |2 slo | |
| 650 | 4 | |a Quality |2 eng | |
| 650 | 4 | |a Quality Engineering |2 eng | |
| 650 | 4 | |a Scrap |2 eng | |
| 700 | 1 | |a Linczényi, Alexander |4 ths |X 3055 |7 A000003055 | |
| 856 | 4 | |u http://is.stuba.sk/zp/portal_zp.pl?podrobnosti=118307 | |
| 996 | |c M* DP-12888 |l MMSKP |s P |a 0 |w stuzp57823_0001 | ||
| SQL | |a stuzp57823 |b DDP |c SLO |d Návrh postupu možného zníženia nepodarkov vo výrobnom procese podniku Metaltrim, s.r.o. |e 45568 |f Gurová, Denisa |g 064000 |h 3055 |i Linczényi, Alexander |j 20160606 |k 183 |l 06 |m http://is.stuba.sk/zp/portal_zp.pl?podrobnosti=118307 |n I-IKP |o 5.2.57. kvalita produkcie | ||